000 00696nam a2200241 a 4500
001 000042062
003 DO-SdBNP
005 20240412074301.0
007 ta
008 131112s2013 dr a r 000 p spa d
020 _z9789945489958
040 _aDO-SdBNP
_bspa
_cBNPHU
082 4 _aRD861.44
_bH731i
_222
100 1 _aHolguín-Veras Tabar, Oscar
_937844
245 1 0 _aÍnsula mía /
_cOscar Holguín-Veras Tabar.
260 _aSanto Domingo :
_bSantuario,
_c2013.
300 _a82 p. :
_bil. ;
_c23 cm.
590 _aInventariado, 2018/BT
650 4 _aPoesía dominicana
_966
650 0 _aLiteratura dominicana.
_967
910 _aValidado . Control de calidad. MFF
942 _2ddc
_cLBS1
999 _c41551
_d41551